Estrategias de manejo en sistemas intensivos de producción de cerdos a campo /
Guardado en:
| Autor Principal: | |
|---|---|
| Otros Autores: | , , |
| Formato: | Libro |
| Publicado: |
Buenos Aires :
Inta,
2007
|
| Series: | Información para extensión Nº 111 Agosto 2007 / Inta E.e.a. Marcos Juárez
|
| Materias: | |
| Etiquetas: |
Agregar Etiqueta
Sin Etiquetas, Sea el primero en etiquetar este registro!
|
| LEADER | 00804nam a22002295a 4500 | ||
|---|---|---|---|
| 001 | CEM.cems017268 | ||
| 005 | 20090915112300.0 | ||
| 008 | 130507s2007##################000#0#####d | ||
| 003 | CEMS | ||
| 082 | 0 | 4 | |a 636.4 |
| 100 | 1 | |a Brunori, Jorge | |
| 245 | 1 | 0 | |a Estrategias de manejo en sistemas intensivos de producción de cerdos a campo / |c Jorge Brugnori ... [et Al.] |
| 260 | |a Buenos Aires : |b Inta, |c 2007 | ||
| 300 | |a 11 p. | ||
| 490 | 0 | |a Información para extensión Nº 111 Agosto 2007 / Inta E.e.a. Marcos Juárez | |
| 653 | |a Porcinos | ||
| 653 | |a Porcinos-producción a campo | ||
| 700 | 1 | |a Spiner, Naun | |
| 700 | 1 | |a Franco, Raúl | |
| 700 | 1 | |a Panichelli, Darío | |
| 859 | |a CEMS |b BIB. CEMS - Agricultura |h 636.4 |i B836 |p A1079.09 |t Ej.1 | ||
| 859 | |a CEMS |b BIB. CEMS - Agricultura |h 636.4 |i B836 |p A1080.09 |t Ej.2 | ||
